Utopías y emancipaciones desde nuestra América /

Tallennettuna:
Bibliografiset tiedot
Päätekijä: Ibáñez, Alfonso (autor)
Aineistotyyppi: Kirja
Kieli:espanja
Julkaistu: San José, Costa Rica : Departamento Ecuménico de Investigaciones, 2010, c2010
Sarja:(Colección Universitaria DEI)
Aiheet:
Tagit: Lisää tagi
Ei tageja, Lisää ensimmäinen tagi!

MARC

LEADER 00000nam^a2200000^a^4500
001 000309602
005 20250521000000.0
009 20260310112950.82
020 |a 978-9977-83-160-2 
037 |a Acervo ITESO - Biblioteca 
041 |a ESP 
082 |a 320. 980  |b IBA 
100 |a Ibáñez, Alfonso  |e (autor) 
245 1 0 |a Utopías y emancipaciones desde nuestra América /  |c A. Ibáñez. 
264 4 |a San José, Costa Rica :  |b Departamento Ecuménico de Investigaciones,  |c 2010, c2010 
300 |a 190 p. 
336 |a texto  |b txt  |2 rdacontenido 
337 |a sin mediación  |b n  |2 rdamedio 
338 |a volumen  |b nc  |2 rdasoporte 
440 1 |a (Colección Universitaria DEI) 
649 |a XX 
650 |a Teología de la Liberación -  |z Latinoamérica 
650 |a Teología Social -  |z Latinoamérica 
650 |a Igualdad y Desigualdad -  |z Latinoamérica 
650 |a Dignidad -  |z Latinoamérica 
650 |a Libertad -  |z Latinoamérica 
650 |a Socialismo -  |z Latinoamérica 
650 |a Democracia -  |z Latinoamérica 
650 |a Movimientos Sociales -  |z Latinoamérica 
650 |a Utopía -  |z Latinoamérica -  |x Historia -  |x Tema Principal 
650 |a Política -  |z Latinoamérica -  |x Historia -  |x Tema Principal 
910 |a Fondo General 
920 |a Impresos - Libros 
930 |a Colección General 
905 |a 101 
901 |a 0500195836  |b IT1  |c ACC  |i D55840  |u 20250521 
901 |a 0500217594  |b IT1  |c ACC  |i D60370  |u 20250521 
902 |a https://opac.biblio.iteso.mx/vufind/Record/000309602